Milk (Record no. 99628)

MARC details
000 -LEADER
fixed length control field 00764cam a2200217 4500
008 - FIXED-LENGTH DATA ELEMENTS--GENERAL INFORMATION
fixed length control field 000000n1999 000 0 eng u
020 ## - INTERNATIONAL STANDARD BOOK NUMBER
International Standard Book Number 0101428626
035 ## - SYSTEM CONTROL NUMBER
System control number (Sirsi) u100178
041 ## - LANGUAGE CODE
Language code of text/sound track or separate title eng
050 ## - LIBRARY OF CONGRESS CALL NUMBER
Classification number 388.181
-- 18
110 ## - MAIN ENTRY--CORPORATE NAME
Corporate name or jurisdiction name as entry element Monopolies and Mergers Commission
9 (RLIN) 715
245 ## - TITLE STATEMENT
Title Milk
Remainder of title a report on the supply in Great Britain of raw cows' milk
260 ## - PUBLICATION, DISTRIBUTION, ETC.
Place of publication, distribution, etc. London
Name of publisher, distributor, etc. Stationery Office
Date of publication, distribution, etc. 1999
300 ## - PHYSICAL DESCRIPTION
Extent vi, 52p.
Dimensions 30cm.
350 ## - PRICE (NR) (BK AM CF MU VM SE) [OBSOLETE]
Price 42.50
490 ## - SERIES STATEMENT
Series statement Cm
Volume/sequential designation 4286
690 ## - LOCAL SUBJECT ADDED ENTRY--TOPICAL TERM (OCLC, RLIN)
Topical term or geographic name as entry element ENVIRONMENTAL AND LAND CONSULTANCY-AGRIBUSINESS-AGRICULTURE
710 ## - ADDED ENTRY--CORPORATE NAME
Corporate name or jurisdiction name as entry element Competition Commission
9 (RLIN) 3770
856 ## - ELECTRONIC LOCATION AND ACCESS
Uniform Resource Identifier <a href="https://www.competition-commission.org.uk/rep_pub/reports/1999/429milk.htm">https://www.competition-commission.org.uk/rep_pub/reports/1999/429milk.htm</a>
Public note View the report at www.competition-commission.org.uk...
942 ## - ADDED ENTRY ELEMENTS (KOHA)
Suppress in OPAC 0
Holdings
Withdrawn status Lost status Source of classification or shelving scheme Damaged status Not for loan Home library Current library Shelving location Date acquired Total Checkouts Full call number Barcode Date last seen Copy number Price effective from Koha item type
    Dewey Decimal Classification     Virtual Virtual Online 22/04/2005   ONLINE PUBLICATION 100178-2001 06/08/2019 1 06/08/2019 Book